| 000 | 00805nam a22002415i 4500 | ||
|---|---|---|---|
| 001 | 169105 | ||
| 003 | ES-MaACL | ||
| 005 | 20250809195005.0 | ||
| 008 | 080813s2007 sp |||| | spa d | ||
| 020 | _a978-84-935578-2-9 | ||
| 080 | _a821.133.1-31"18" | ||
| 100 | 1 |
_aBalzac, Honoré de, _d1799-1850 _925139 |
|
| 245 | 1 | 3 |
_aLa búsqueda del absoluto / _cHonoré de Balzac ; presentación de Carlos Pujol ; traducción de Javier Albiñana. |
| 250 | _a1ª ed. en Nórdica Libros. | ||
| 260 |
_aMadrid : _bNórdica Libros, _c2007. |
||
| 300 |
_a295 p. ; _c23 cm. |
||
| 490 | 1 |
_aOtras latitudes ; _v5 |
|
| 700 | 1 |
_aPujol, Carlos, _d1936-2012 _994332 |
|
| 700 | 1 |
_aAlbiñana, Javier. _919383 |
|
| 830 | 1 |
_aOtras latitudes ; _v5 _9222784 |
|
| 852 |
_aES-MaACL _jL-29523 |
||
| 999 |
_c169105 _d169105 |
||